000 01431nam a22003850a 4500
001 PT7671
003 AR-LpoUNG
005 20210131232215.0
008 191001s1999||||ag |||||||||||||||||spa d
020 _a9505152345
_c$5.22
040 _aAR-LpoUNG
_bspa
_cAR-LpoUNG
_eaacr
041 _aspa
044 _aag
082 0 _a982.024 212pas
100 1 _aGaravaglia, Juan Carlos
245 1 0 _aPastores y labradores de Buenos Aires :
_buna historia agraria de la campaña bonaerense 1700-1830
250 _a1§ edición
260 _aBuenos Aires :
_bDe la Flor - Instituto de Estudios Históricos Sociales,
_cjunio de 1999.
300 _a413 p. :
_btbls.
520 _aEsta obra renueva la historia agraria del Río de la Plata durante la Colonia y las dos décadas poscoloniales. El mítico pasado rural de la Pampa colonial argentina proponía un contrapunto entre dos figuras excluyentes: el gaucho, hombre libre que cabalgaba a su antojo por la pampa infinita, y el estanciero, el gran propietario semifeudal.
650 4 _aANALISIS HISTORICO
650 4 _aCAMPESINADO
650 4 _aCULTURA
650 4 _aECONOMIA AGRARIA
650 4 _aECONOMIA AGRICOLA
650 4 _aECONOMIA DE LA TIERRA
650 4 _aECONOMIA FORESTAL
650 4 _aECONOMIA RURAL
650 4 _aPOBLACION
650 4 _aPOBLACION RURAL
650 4 _aSECTOR AGROPECUARIO
650 4 _aSOCIEDAD
905 _a7671
942 _cLIB
999 _c14350
_d14350